000
00277nam a2200121Ia 4500
005
20251222144915.0
008
251222s9999||||xx |||||||||||||| ||spa||
082
_a
262.91/J81U
100
_a
Juan XXIII
245
0
_a
Verdad - Unidad - Paz:
264
_b
Paulinas
942
_c
LIB
999
_c
22498
_d
22498